[Event "October TNT"]
[Site "Winnipeg CAN"]
[Date "2014.10.07"]
[Round "1.4"]
[White "Rutter, Blair"]
[Black "Huston-Earle, Joshua"]
[Result "1-0"]
[WhiteElo "1990"]
[BlackElo "1437"]
[PlyCount "69"]
[EventDate "2014.10.07"]
[EventType "swiss"]
[EventRounds "4"]
[EventCountry "CAN"]

1. c4 e6 2. e4 Bc5 3. Nc3 Nc6 4. Nge2 Nf6 5. a3 e5 6. d3 d6 7. h3 h6 8. Rb1 O-O
9. b4 Bd4 10. Qb3 Rb8 11. Qa4 Bd7 12. b5 Ne7 13. Nxd4 exd4 14. Ne2 c5 15. Bd2
Ra8 16. Qc2 Qc7 17. Ng3 Ng6 18. Be2 Rfe8 19. O-O b6 20. f4 a6 21. a4 axb5 22.
cxb5 Ra7 23. Bd1 Be6 24. f5 d5 25. Nh5 Nxh5 26. Bxh5 dxe4 27. dxe4 d3 28. Qc3
Ba2 29. Rb2 Rxa4 30. fxg6 f6 31. Rxa2 Rxa2 32. Qb3+ c4 33. Qxa2 Kf8 34. Qa3+
Kg8 35. Bf3 1-0

[Event "October TNT"]
[Site "Winnipeg CAN"]
[Date "2014.10.08"]
[Round "1.4"]
[White "Schulz, Waldemar"]
[Black "Einarsson, Ken"]
[Result "1-0"]
[WhiteElo "2008"]
[BlackElo "1695"]
[PlyCount "41"]
[EventDate "2014.10.07"]
[EventType "swiss"]
[EventRounds "4"]
[EventCountry "CAN"]

1. d4 d5 2. c4 e6 3. Nc3 Nf6 4. Nf3 b6 5. g3 Bb7 6. Bg2 Be7 7. Ne5 O-O 8. cxd5
Nxd5 9. Nxd5 exd5 10. O-O Re8 11. Qa4 Bd6 12. Qc2 Bxe5 13. dxe5 Rxe5 14. Bf4
Rxe2 15. Qxe2 Ba6 16. Qe5 Bxf1 17. Rxf1 c6 18. Re1 Nd7 19. Qd6 Rc8 20. Bh3 Nf6
21. Bxc8 1-0

[Event "October TNT"]
[Site "Winnipeg CAN"]
[Date "2014.10.14"]
[Round "2.4"]
[White "Atem, James"]
[Black "Andraschko, Felix"]
[Result "0-1"]
[WhiteElo "1912"]
[BlackElo "2172"]
[PlyCount "130"]
[EventDate "2014.10.07"]
[EventType "swiss"]
[EventRounds "4"]
[EventCountry "CAN"]

1. e4 g6 2. d4 Bg7 3. Bc4 d6 4. Be3 a6 5. a4 e6 6. Nf3 b6 7. Nc3 Bb7 8. O-O Nd7
9. Qe2 Ne7 10. Ng5 h6 11. Nf3 O-O 12. g3 d5 13. exd5 exd5 14. Bd3 c5 15. Qd2
Kh7 16. dxc5 bxc5 17. Bf4 d4 18. Ne4 c4 19. Nd6 Bxf3 20. Nxc4 Nd5 21. Bd6 Re8
22. Rfe1 Rxe1+ 23. Rxe1 N7b6 24. Be5 Nxa4 25. Bxg7 Kxg7 26. Ne5 Nxb2 27. Nxf3
Nxd3 28. Qxd3 Nb4 29. Qxd4+ Qxd4 30. Nxd4 Rd8 31. c3 Na2 32. Nc6 Rd6 33. Ra1
Nxc3 34. Rxa6 Ne4 35. Nb4 Rd4 36. Rb6 Rd2 37. f4 Nf6 38. Ra6 Rd4 39. Nc6 Rd1+
40. Kg2 Rd2+ 41. Kg1 Ng4 42. h3 Ne3 43. g4 Rg2+ 44. Kh1 Rf2 45. Ra4 Nd5 46. Kg1
Rxf4 47. Rxf4 Nxf4 48. Kh2 Kf6 49. Kg3 Ne6 50. Nb4 Ke5 51. Nd3+ Ke4 52. Nb4 f5
53. Nc2 f4+ 54. Kf2 Nc5 55. Ne1 Nd3+ 56. Nxd3 Kxd3 57. h4 g5 58. Kf3 Kd4 59.
hxg5 hxg5 60. Ke2 Ke4 61. Kf2 f3 62. Kg3 Ke3 63. Kh2 f2 64. Kg2 Ke2 65. Kh2 Kf3
0-1

[Event "October TNT"]
[Site "Winnipeg CAN"]
[Date "2014.10.14"]
[Round "2.4"]
[White "Campbell, Jamie"]
[Black "Liebzeit, Mick"]
[Result "0-1"]
[WhiteElo "1810"]
[BlackElo "1867"]
[PlyCount "46"]
[EventDate "2014.10.07"]
[EventType "swiss"]
[EventRounds "4"]
[EventCountry "CAN"]

1. Nf3 c5 2. g3 Nc6 3. Bg2 d5 4. O-O Nf6 5. b3 e5 6. Bb2 Qc7 7. c4 d4 8. e3 Bg4
9. h3 Bh5 10. exd4 cxd4 11. g4 Bg6 12. Nxe5 Nxe5 13. Bxd4 O-O-O 14. Be3 Be4 15.
d4 Bxg2 16. Kxg2 Ng6 17. f4 h5 18. g5 Ne4 19. Qd3 Nh4+ 20. Kg1 Nxg5 21. Bf2
Ngf3+ 22. Kh1 Qxf4 23. Bg1 Qg3 0-1

[Event "October TNT"]
[Site "Winnipeg CAN"]
[Date "2014.10.14"]
[Round "2.4"]
[White "Green, Jim"]
[Black "Evans, Jason"]
[Result "1-0"]
[WhiteElo "1882"]
[BlackElo "1517"]
[PlyCount "69"]
[EventDate "2014.10.07"]
[EventType "swiss"]
[EventRounds "4"]
[EventCountry "CAN"]

1. e4 e6 2. d3 d5 3. Nd2 Nf6 4. Be2 c5 5. Ngf3 Nc6 6. O-O Be7 7. Re1 O-O 8.
exd5 exd5 9. h3 b6 10. c3 d4 11. c4 Bf5 12. Nh4 Qd7 13. Nxf5 Qxf5 14. Bf3 Ne5
15. Bxa8 Rxa8 16. Nf3 Nfd7 17. Qe2 Bf6 18. Nxe5 Re8 19. f4 Bxe5 20. fxe5 Rxe5
21. Qf1 Rxe1 22. Qxe1 Qxd3 23. Qe8+ Nf8 24. Bg5 f6 25. Rf1 Qg6 26. Qxg6 Nxg6
27. Bd2 Ne5 28. b3 Kf7 29. Bf4 Ke6 30. Bxe5 fxe5 31. Kf2 e4 32. Ke2 g5 33. g4
a6 34. Rf8 b5 35. Re8+ 1-0

[Event "October TNT"]
[Site "Winnipeg CAN"]
[Date "2014.10.14"]
[Round "2.4"]
[White "Huston-Earle, Joshua"]
[Black "Beach, Brock"]
[Result "0-1"]
[WhiteElo "1437"]
[BlackElo "1753"]
[PlyCount "70"]
[EventDate "2014.10.07"]
[EventType "swiss"]
[EventRounds "4"]
[EventCountry "CAN"]

1. d4 d5 2. Nf3 Nf6 3. Nc3 e6 4. Bf4 Bb4 5. e3 Ne4 6. Nd2 Nxc3 7. bxc3 Bxc3 8.
Rb1 h5 9. Be2 Bxd2+ 10. Qxd2 g5 11. Bb5+ Bd7 12. Bxd7+ Nxd7 13. Rxb7 gxf4 14.
Qa5 Nb6 15. O-O f3 16. Rb1 Qg5 17. g3 O-O 18. h3 Qf5 19. Kh2 Qxc2 20. Qe1 Qc6
21. R7xb6 axb6 22. Qh1 Rxa2 23. Qxf3 Qc2 24. Rf1 Qe2 25. Qf4 Rfa8 26. Qg5+ Kf8
27. Qh6+ Ke7 28. Qg5+ f6 29. Qg7+ Kd6 30. Qxf6 Qxf1 31. Qe5+ Kd7 32. Qg7+ Kc8
33. Qf8+ Kb7 34. Qxa8+ Kxa8 35. h4 Rxf2# 0-1

[Event "October TNT"]
[Site "Winnipeg CAN"]
[Date "2014.10.14"]
[Round "2.4"]
[White "Kernetsky, Myron"]
[Black "Schulz, Waldemar"]
[Result "0-1"]
[WhiteElo "1941"]
[BlackElo "2008"]
[PlyCount "68"]
[EventDate "2014.10.07"]
[EventType "swiss"]
[EventRounds "4"]
[EventCountry "CAN"]

1. d4 d5 2. c4 e6 3. Nc3 Nf6 4. cxd5 exd5 5. Qc2 Be7 6. Bg5 O-O 7. e3 c6 8. Bd3
Nbd7 9. Nge2 h6 10. Bh4 Ne8 11. Bg3 Nd6 12. O-O Re8 13. f3 Nf8 14. e4 Be6 15.
e5 Nc4 16. Bf2 Rc8 17. b3 Na3 18. Qb2 Qd7 19. Ng3 b5 20. f4 g6 21. Rac1 Rc7 22.
Be3 f5 23. exf6 Bd6 24. Rce1 Bf7 25. f5 g5 26. Qd2 Nh7 27. Be2 c5 28. Bf2 Nxf6
29. dxc5 Bxc5 30. Bxc5 Rxc5 31. Qd4 Qc6 32. Rc1 Rc8 33. Bf3 Rxc3 34. Rxc3 Qxc3
0-1

[Event "October TNT"]
[Site "Winnipeg CAN"]
[Date "2014.10.14"]
[Round "2.4"]
[White "Melamedoff, Gustavo"]
[Black "Rutter, Blair"]
[Result "1-0"]
[WhiteElo "2089"]
[BlackElo "1990"]
[PlyCount "69"]
[EventDate "2014.10.07"]
[EventType "swiss"]
[EventRounds "4"]
[EventCountry "CAN"]

1. Nf3 c5 2. e4 Nc6 3. Bb5 Qc7 4. O-O e5 5. Bxc6 dxc6 6. h3 Be7 7. d3 h6 8.
Nbd2 b5 9. Nb3 c4 10. dxc4 bxc4 11. Nbd2 Ba6 12. Qe2 Bf6 13. Nxc4 Bb7 14. Rd1
Rd8 15. Rxd8+ Bxd8 16. Nfxe5 Nf6 17. Bf4 Qe7 18. Nd3 O-O 19. Bd6 Qe8 20. Bxf8
Qxf8 21. Rd1 Bc7 22. Qe3 Qb8 23. Qd4 Bc8 24. Nde5 Be6 25. Nxc6 Qb5 26. Ne7+ Kh7
27. Nd5 Ne8 28. Nxc7 Nxc7 29. Nd6 Qa5 30. Nf5 f6 31. Qd6 Bxf5 32. exf5 Nb5 33.
Qe7 Qxa2 34. Rd7 Qg8 35. Rd8 1-0

[Event "October TNT"]
[Site "Winnipeg CAN"]
[Date "2014.10.14"]
[Round "2.4"]
[White "Wolchock, Theo"]
[Black "Baron, Gustav"]
[Result "0-1"]
[WhiteElo "1963"]
[BlackElo "2104"]
[PlyCount "68"]
[EventDate "2014.10.07"]
[EventType "swiss"]
[EventRounds "4"]
[EventCountry "CAN"]

1. c4 c6 2. Nf3 d5 3. cxd5 cxd5 4. d4 Nc6 5. Nc3 Nf6 6. Bg5 Ne4 7. Bf4 Nxc3 8.
bxc3 Qa5 9. Qd2 Bf5 10. Ne5 e6 11. Nxc6 bxc6 12. e3 Be7 13. Bd3 Bxd3 14. Qxd3
O-O 15. O-O c5 16. Rfc1 Rac8 17. Qe2 Rc6 18. c4 cxd4 19. exd4 Ba3 20. Rc2 Qa4
21. Bc1 Bxc1 22. Raxc1 Rfc8 23. Rb2 h6 24. Qd3 Rxc4 25. Rxc4 Qxc4 26. Qxc4 Rxc4
27. Rd2 Kf8 28. Kf1 Ke7 29. Ke2 Kd6 30. Kd3 f6 31. f4 g5 32. g3 Rc1 33. Re2
Rd1+ 34. Kc3 Rf1 0-1

[Event "October TNT"]
[Site "Winnipeg CAN"]
[Date "2014.10.21"]
[Round "3.4"]
[White "Andraschko, Felix"]
[Black "Schulz, Waldemar"]
[Result "1-0"]
[WhiteElo "2172"]
[BlackElo "2008"]
[PlyCount "96"]
[EventDate "2014.10.07"]
[EventType "swiss"]
[EventRounds "4"]
[EventCountry "CAN"]

1. d4 Nf6 2. c4 g6 3. Nc3 d5 4. cxd5 Nxd5 5. e4 Nxc3 6. bxc3 Bg7 7. Nf3 c5 8.
Rb1 a6 9. Qa4+ Bd7 10. Qa3 cxd4 11. cxd4 O-O 12. Bg5 Re8 13. d5 Bc8 14. Bc4 Qd6
15. Qe3 Nd7 16. O-O Qc5 17. Rfc1 Qxe3 18. Bxe3 b5 19. Bb3 Nf6 20. e5 Ng4 21.
Bf4 Bf5 22. Bc2 Rac8 23. Bxf5 gxf5 24. h3 Nh6 25. Nd4 Rcd8 26. Rc5 Kf8 27. Rbc1
Rd7 28. Nc6 Ng8 29. Nb8 Rxd5 30. Rxd5 Rxb8 31. Rdc5 Rd8 32. Rc8 Ke8 33. Rxd8+
Kxd8 34. Rc6 e6 35. Rxa6 Ne7 36. Rb6 Nd5 37. Rb8+ Ke7 38. Bg5+ Kd7 39. Rxb5
Bxe5 40. Rb7+ Nc7 41. Be3 Kc6 42. Rb6+ Kd7 43. a4 Nd5 44. Rb7+ Bc7 45. Bd2 Kc6
46. Rb3 Nb6 47. Rc3+ Kb7 48. a5 Nd5 1-0

[Event "October TNT"]
[Site "Winnipeg CAN"]
[Date "2014.10.21"]
[Round "3.4"]
[White "Beach, Brock"]
[Black "Wolchock, Theo"]
[Result "0-1"]
[WhiteElo "1753"]
[BlackElo "1963"]
[PlyCount "26"]
[EventDate "2014.10.07"]
[EventType "swiss"]
[EventRounds "4"]
[EventCountry "CAN"]

1. Na3 e5 2. b3 Nf6 3. g3 c6 4. Bg2 d5 5. Nf3 e4 6. Ng5 Ng4 7. Nh3 Qf6 8. c3
Bc5 9. O-O h6 10. e3 O-O 11. Nc2 Ne5 12. Nf4 Bg4 13. Qe1 g5 0-1

[Event "October TNT"]
[Site "Winnipeg CAN"]
[Date "2014.10.21"]
[Round "3.4"]
[White "Einarsson, Ken"]
[Black "Kernetsky, Myron"]
[Result "1/2-1/2"]
[WhiteElo "1695"]
[BlackElo "1941"]
[PlyCount "59"]
[EventDate "2014.10.07"]
[EventType "swiss"]
[EventRounds "4"]
[EventCountry "CAN"]

1. d4 Nf6 2. c4 e6 3. Nc3 Bb4 4. Bd2 b6 5. Nf3 Bb7 6. e3 O-O 7. Bd3 Bxc3 8.
bxc3 Ne4 9. O-O d6 10. Qc2 f5 11. Bc1 Nd7 12. Nd2 Nxd2 13. Bxd2 Nf6 14. d5 g6
15. e4 fxe4 16. Bxe4 exd5 17. cxd5 Nxe4 18. Qxe4 Re8 19. Qd4 Qe7 20. Rae1 Qg7
21. Qd3 Re7 22. c4 Rae8 23. Rxe7 Qxe7 24. f3 Qe5 25. Re1 Qxe1+ 26. Bxe1 Rxe1+
27. Kf2 Re7 28. Qd4 Rf7 29. Ke2 Bc8 30. Kd2 1/2-1/2

[Event "October TNT"]
[Site "Winnipeg CAN"]
[Date "2014.10.21"]
[Round "3.4"]
[White "Leaden, Bruce"]
[Black "Campbell, Jamie"]
[Result "0-1"]
[WhiteElo "1560"]
[BlackElo "1810"]
[PlyCount "54"]
[EventDate "2014.10.07"]
[EventType "swiss"]
[EventRounds "4"]
[EventCountry "CAN"]

1. d4 Nf6 2. Nf3 c5 3. d5 g6 4. Bg5 Bg7 5. Nc3 O-O 6. e4 d6 7. Bc4 a6 8. a4 Bg4
9. O-O Nbd7 10. Be2 h6 11. Bd2 Re8 12. h3 Bxf3 13. Bxf3 Nf8 14. Qc1 Kh7 15. Re1
Rb8 16. e5 dxe5 17. Rxe5 e6 18. Bf4 Nxd5 19. Rxd5 exd5 20. Bxb8 d4 21. Bf4 dxc3
22. b3 Ne6 23. Be3 Nd4 24. Bxd4 Qxd4 25. Qf1 Qd2 26. Rc1 b5 27. axb5 axb5 0-1

[Event "October TNT"]
[Site "Winnipeg CAN"]
[Date "2014.10.21"]
[Round "3.4"]
[White "Liebzeit, Mick"]
[Black "Bince, Rolando"]
[Result "0-1"]
[WhiteElo "1867"]
[BlackElo "1998"]
[PlyCount "95"]
[EventDate "2014.10.07"]
[EventType "swiss"]
[EventRounds "4"]
[EventCountry "CAN"]

1. e4 e6 2. d4 d5 3. e5 c5 4. c3 Nc6 5. Nf3 cxd4 6. cxd4 Bb4+ 7. Bd2 Qb6 8. a3
Bxd2+ 9. Qxd2 Bd7 10. Nc3 Na5 11. Rd1 Rc8 12. b4 Nc4 13. Bxc4 Rxc4 14. Qg5 Ne7
15. Rd3 Nf5 16. Ne2 h6 17. Qd2 O-O 18. g4 Ne7 19. g5 h5 20. g6 fxg6 21. Qg5 Qd8
22. Rg1 Rf5 23. Qe3 Qf8 24. Nh4 Be8 25. Nxf5 Nxf5 26. Qd2 Qe7 27. Rc3 Bb5 28.
Rxc4 Bxc4 29. Qf4 a5 30. Qd2 Nh4 31. Rg3 g5 32. f4 g4 33. Ng1 a4 34. h3 Nf5 35.
Rc3 Qh4+ 36. Kd1 Bb5 37. Qe1 Qxe1+ 38. Kxe1 Nxd4 39. hxg4 hxg4 40. Rg3 Be8 41.
Rxg4 Nc2+ 42. Kd2 Nxa3 43. Ne2 Bh5 44. Rg3 Bxe2 45. Rxa3 Bh5 46. Rxa4 Be8 47.
Ra7 Bb5 48. Rxb7 {Scoresheets deteriorate around here. Black won, as White was
in severe time trouble.} 0-1

[Event "October TNT"]
[Site "Winnipeg CAN"]
[Date "2014.10.21"]
[Round "3.4"]
[White "Lipnowski, Samuel"]
[Black "Baron, Gustav"]
[Result "1/2-1/2"]
[WhiteElo "2218"]
[BlackElo "2104"]
[PlyCount "37"]
[EventDate "2014.10.07"]
[EventType "swiss"]
[EventRounds "4"]
[EventCountry "CAN"]

1. c4 Nf6 2. Nc3 d5 3. cxd5 Nxd5 4. g3 g6 5. Bg2 Nb6 6. Nf3 Bg7 7. O-O O-O 8.
d3 Nc6 9. Be3 h6 10. Qd2 Kh7 11. Rac1 Bg4 12. Ne4 Nd5 13. Bc5 Qd7 14. Ba3 Bxf3
15. Bxf3 Ne5 16. Bg2 c6 17. Nc5 Qc8 18. Nb3 Qd7 19. Nc5 1/2-1/2

[Event "October TNT"]
[Site "Winnipeg CAN"]
[Date "2014.10.21"]
[Round "3.4"]
[White "Rutter, Blair"]
[Black "Atem, James"]
[Result "0-1"]
[WhiteElo "1990"]
[BlackElo "1912"]
[PlyCount "148"]
[EventDate "2014.10.07"]
[EventType "swiss"]
[EventRounds "4"]
[EventCountry "CAN"]

1. c4 f5 2. g3 e5 3. Bg2 Nf6 4. d3 d5 5. cxd5 Nxd5 6. Qb3 c6 7. Nf3 Bd6 8. Nc3
Nxc3 9. bxc3 Na6 10. O-O Nc5 11. Qc2 O-O 12. e3 Be6 13. d4 exd4 14. exd4 Ne4
15. c4 g6 16. Nd2 Nf6 17. Re1 Bf7 18. f4 Bb4 19. Bb2 Bxd2 20. Qxd2 Bxc4 21. h3
Bd5 22. Re2 Bxg2 23. Kxg2 Qd5+ 24. Kh2 Rfe8 25. Re5 Rxe5 26. fxe5 Ne4 27. Qe3
Re8 28. a3 Nd6 29. Bc3 Nc4 30. Qe2 b5 31. Rd1 a5 32. Rd3 Nxa3 33. Bxa5 Nc4 34.
Bb4 Nb6 35. h4 Na4 36. Bd2 Nb2 37. Rf3 Qxd4 38. Bc3 Qd1 39. Qg2 Nc4 40. Rf1 Qd5
41. Qe2 Nxe5 42. Kh3 Qe4 43. Re1 Nc4 44. Qf2 Qg4+ 45. Kh2 Rxe1 46. Qxe1 Qe4 47.
Qd1 Qg2+ 48. Kxg2 Ne3+ 49. Kf3 Nxd1 50. Bd4 b4 51. Ke2 Nc3+ 52. Kd3 Ne4 53. Be5
Kf7 54. Kc4 Ke6 55. Bf4 c5 56. Bc7 Kd7 57. Be5 Kc6 58. Bf4 Nd6+ 59. Kd3 Nb7 60.
Be5 Kd5 61. Bf6 c4+ 62. Kc2 Nc5 63. Bg7 b3+ 64. Kb2 Ne4 65. Bh6 Nxg3 66. Bg7
Ne2 67. Bh6 c3+ 68. Kxb3 Kd4 69. Kc2 f4 70. Bg7+ Kc4 71. Bh6 Nd4+ 72. Kd1 f3
73. Be3 Kd3 74. Bf2 c2+ 0-1

[Event "October TNT"]
[Site "Winnipeg CAN"]
[Date "2014.10.21"]
[Round "3.4"]
[White "Wiebe, Isaac"]
[Black "Huston-Earle, Joshua"]
[Result "1-0"]
[WhiteElo "1790"]
[BlackElo "1437"]
[PlyCount "55"]
[EventDate "2014.10.07"]
[EventType "swiss"]
[EventRounds "4"]
[EventCountry "CAN"]

1. d4 Nf6 2. c4 e6 3. Nc3 Bb4 4. Nf3 O-O 5. e3 d5 6. Bd3 Nc6 7. O-O Re8 8. Qc2
h6 9. Bd2 b6 10. cxd5 exd5 11. Bb5 Bb7 12. Qa4 Re6 13. Bxc6 Bxc3 14. Bxb7 Rb8
15. bxc3 Rxb7 16. c4 dxc4 17. Qxc4 Qd5 18. Qxd5 Nxd5 19. Rfc1 Nf6 20. Kf1 Kf8
21. Rc2 Ne4 22. Rac1 Re7 23. Bb4 c5 24. dxc5 bxc5 25. Bxc5 Nxc5 26. Rxc5 Ke8
27. Ne5 Kd8 28. Rc8# 1-0

[Event "October TNT"]
[Site "Winnipeg CAN"]
[Date "2014.10.28"]
[Round "4.4"]
[White "Andraschko, Felix"]
[Black "Lipnowski, Samuel"]
[Result "0-1"]
[WhiteElo "2172"]
[BlackElo "2218"]
[PlyCount "72"]
[EventDate "2014.10.07"]
[EventType "swiss"]
[EventRounds "4"]
[EventCountry "CAN"]

1. Nf3 Nf6 2. c4 c5 3. Nc3 Nc6 4. d4 cxd4 5. Nxd4 a6 6. e4 Qa5 7. Nb3 Qd8 8.
Be2 e6 9. O-O d6 10. Be3 Be7 11. f4 O-O 12. Bf3 Rb8 13. Qe2 Qc7 14. Rac1 Nd8
15. g4 Nd7 16. Bg2 Re8 17. Nd2 Nf8 18. Qf2 Qd7 19. Rfd1 b5 20. e5 b4 21. exd6
bxc3 22. dxe7 Qxe7 23. Bc5 cxd2 24. Rxd2 Qf6 25. g5 Qf5 26. Bd6 Rb7 27. c5 Ng6
28. c6 Rb5 29. Re1 e5 30. a4 Rb3 31. Bxe5 Ne6 32. c7 Qg4 33. Kf1 Nh4 34. Bc6
Rf8 35. Bd6 Qh3+ 36. Ke2 Nxf4+ 0-1

[Event "October TNT"]
[Site "Winnipeg CAN"]
[Date "2014.10.28"]
[Round "4.4"]
[White "Baron, Gustav"]
[Black "Melamedoff, Gustavo"]
[Result "1/2-1/2"]
[WhiteElo "2104"]
[BlackElo "2089"]
[PlyCount "102"]
[EventDate "2014.10.07"]
[EventType "swiss"]
[EventRounds "4"]
[EventCountry "CAN"]

1. Nf3 d5 2. d4 e6 3. Bg5 Be7 4. Bxe7 Qxe7 5. c3 f5 6. Nbd2 Nf6 7. e3 O-O 8.
Bd3 b6 9. Qe2 c5 10. O-O c4 11. Bc2 Bd7 12. Ne5 Be8 13. f3 Nfd7 14. Nxd7 Qxd7
15. e4 Bg6 16. Rae1 Na6 17. exf5 exf5 18. Nxc4 Qb5 19. Bb3 Nc5 20. dxc5 Qxc5+
21. Qe3 dxc4 22. Qxc5 bxc5 23. Bxc4+ Bf7 24. Bxf7+ Rxf7 25. Re5 Rb8 26. b3 Rc8
27. Rd1 g6 28. Kf2 a5 29. Rd6 a4 30. Rb6 Rd7 31. bxa4 Ra7 32. Rb5 Rxa4 33.
Rbxc5 Rxa2+ 34. Kg3 Rxc5 35. Rxc5 Kg7 36. Rc7+ Kh6 37. c4 Rc2 38. h4 g5 39.
Rc6+ Kh5 40. hxg5 Kxg5 41. Rc7 h5 42. c5 f4+ 43. Kh3 Rc1 44. Kh2 Kh4 45. c6 Rc4
46. Rc8 Rc5 47. Kg1 Kg3 48. Rg8+ Kh4 49. Rg6 Rc2 50. Kf1 Rf2+ 51. Kg1 Rf1+
1/2-1/2

[Event "October TNT"]
[Site "Winnipeg CAN"]
[Date "2014.10.28"]
[Round "4.4"]
[White "Bince, Rolando"]
[Black "Atem, James"]
[Result "1-0"]
[WhiteElo "1998"]
[BlackElo "1912"]
[PlyCount "78"]
[EventDate "2014.10.07"]
[EventType "swiss"]
[EventRounds "4"]
[EventCountry "CAN"]

1. e4 d6 2. d4 e6 3. c4 Bd7 4. Nc3 Be7 5. Bd3 Nc6 6. Be3 Bf6 7. Nf3 e5 8. d5
Nb4 9. Be2 c6 10. O-O Ne7 11. c5 cxd5 12. exd5 Nf5 13. Ne4 Nxe3 14. Nxd6+ Kf8
15. fxe3 Qc7 16. Ne4 Na6 17. Rc1 Bf5 18. Nxf6 gxf6 19. Nd2 Bg6 20. e4 Kg7 21.
Bxa6 bxa6 22. Qf3 Qe7 23. Qa3 Rab8 24. Rf3 Rb5 25. Rb3 Qb7 26. Rxb5 axb5 27.
Qe3 Re8 28. c6 Qc7 29. Qc5 Rd8 30. g4 a6 31. Kf2 h5 32. gxh5 Bxh5 33. Rg1+ Bg6
34. h4 Rh8 35. d6 Qa5 36. Qc3 Qb6+ 37. Kf1 Rxh4 38. c7 Rf4+ 39. Nf3 b4 1-0

[Event "October TNT"]
[Site "Winnipeg CAN"]
[Date "2014.10.28"]
[Round "4.4"]
[White "Green, Jim"]
[Black "Liebzeit, Mick"]
[Result "1/2-1/2"]
[WhiteElo "1882"]
[BlackElo "1867"]
[PlyCount "81"]
[EventDate "2014.10.07"]
[EventType "swiss"]
[EventRounds "4"]
[EventCountry "CAN"]

1. e4 c5 2. Nf3 e6 3. b3 Nc6 4. Bb5 Nf6 5. Bxc6 bxc6 6. e5 Nd5 7. O-O Be7 8.
Na3 Ba6 9. Re1 O-O 10. Bb2 f5 11. Nc4 Qc7 12. d3 g5 13. Nfd2 h6 14. g3 g4 15.
f4 Kg7 16. Nd6 Kg6 17. N2c4 h5 18. Qd2 Rh8 19. Kg2 h4 20. Rh1 Rh5 21. Rae1 Rah8
22. Ne3 Qd8 23. c4 Nxe3+ 24. Qxe3 R8h7 25. Qc1 Qf8 26. h3 gxh3+ 27. Rxh3 Bxd6
28. exd6 Qxd6 29. Qc3 Qd4 30. Qxd4 cxd4 31. Bxd4 hxg3 32. Rxh5 Rxh5 33. Kxg3
Kf7 34. Bxa7 d6 35. Bd4 c5 36. Bc3 Rh6 37. Rg1 Bb7 38. a4 Ke7 39. Kf2 Rh2+ 40.
Ke1 Bf3 41. Rf1 1/2-1/2

[Event "October TNT"]
[Site "Winnipeg CAN"]
[Date "2014.10.28"]
[Round "4.4"]
[White "Korenbaum, Max"]
[Black "Evans, Jason"]
[Result "1-0"]
[WhiteElo "1326"]
[BlackElo "1517"]
[PlyCount "82"]
[EventDate "2014.10.07"]
[EventType "swiss"]
[EventRounds "4"]
[EventCountry "CAN"]

1. e4 e6 2. d4 d5 3. Nc3 Nf6 4. Bg5 Be7 5. Bxf6 Bxf6 6. Nge2 O-O 7. e5 Be7 8.
a3 c5 9. Nb1 Nc6 10. c3 Qb6 11. Ra2 Bd7 12. b4 cxd4 13. cxd4 a5 14. bxa5 Nxa5
15. Qc2 Nc4 16. Nec3 Qxd4 17. Bxc4 Qxc4 18. Nd2 Qf4 19. Nf3 Rfc8 20. Qd2 Qxd2+
21. Kxd2 Bb4 22. axb4 Rxa2+ 23. Nxa2 Ra8 24. Ra1 Bb5 25. Kc2 f6 26. exf6 gxf6
27. Nd4 Bd7 28. f4 Kf7 29. Kb3 Ba4+ 30. Kb2 Rc8 31. Rc1 Rc4 32. Rxc4 dxc4 33.
Nc3 e5 34. fxe5 fxe5 35. Nf5 Ke6 36. Ne3 b5 37. Kc1 e4 38. Nxe4 Ke5 39. Nc3 Kf4
40. Ned5+ Kg4 41. Nxa4 bxa4 1-0

[Event "October TNT"]
[Site "Winnipeg CAN"]
[Date "2014.10.28"]
[Round "4.4"]
[White "Leaden, Bruce"]
[Black "Rutter, Blair"]
[Result "0-1"]
[WhiteElo "1560"]
[BlackElo "1990"]
[PlyCount "48"]
[EventDate "2014.10.07"]
[EventType "swiss"]
[EventRounds "4"]
[EventCountry "CAN"]

1. d4 d5 2. Nf3 Nf6 3. Bg5 e6 4. c4 Be7 5. e3 c6 6. Nc3 Nbd7 7. cxd5 exd5 8.
Bd3 O-O 9. Qc2 Re8 10. h4 Nf8 11. h5 h6 12. Bh4 Ng4 13. O-O-O b5 14. Nxb5 cxb5
15. Qe2 Bd7 16. Bxe7 Rxe7 17. Nd2 Nf6 18. Nb3 Ne6 19. Kb1 Nf4 20. exf4 Rxe2 21.
Bxe2 Bf5+ 22. Bd3 Bxd3+ 23. Rxd3 Ne4 24. Rf1 Qh4 0-1

[Event "October TNT"]
[Site "Winnipeg CAN"]
[Date "2014.10.28"]
[Round "4.4"]
[White "Schulz, Waldemar"]
[Black "Wolchock, Theo"]
[Result "1/2-1/2"]
[WhiteElo "2008"]
[BlackElo "1963"]
[PlyCount "37"]
[EventDate "2014.10.07"]
[EventType "swiss"]
[EventRounds "4"]
[EventCountry "CAN"]

1. d4 Nf6 2. c4 e5 3. dxe5 Ng4 4. Nf3 Nc6 5. e3 Bb4+ 6. Bd2 Bxd2+ 7. Nbxd2
Ngxe5 8. Be2 O-O 9. O-O d6 10. Nxe5 dxe5 11. Bf3 f5 12. Bd5+ Kh8 13. Nf3 Qf6
14. Bxc6 bxc6 15. Qe2 Be6 16. Rfd1 Rad8 17. b3 Bc8 18. Rxd8 Rxd8 19. Rd1
1/2-1/2

[Event "October TNT"]
[Site "Winnipeg CAN"]
[Date "2014.10.28"]
[Round "4.4"]
[White "Wiebe, Isaac"]
[Black "Kernetsky, Myron"]
[Result "1-0"]
[WhiteElo "1790"]
[BlackElo "1941"]
[PlyCount "59"]
[EventDate "2014.10.07"]
[EventType "swiss"]
[EventRounds "4"]
[EventCountry "CAN"]

1. d4 Nf6 2. e3 d5 3. f4 Bf5 4. Nf3 e6 5. Be2 c5 6. c3 Nc6 7. O-O Be7 8. Ne5
O-O 9. Nd2 Ne4 10. Ndf3 Rc8 11. Bd2 a6 12. Be1 h6 13. Bd3 f6 14. Nxc6 Rxc6 15.
Nh4 Bh7 16. Bxe4 dxe4 17. f5 exf5 18. Nxf5 Bxf5 19. Rxf5 Qd7 20. Qh5 cxd4 21.
cxd4 Rc2 22. Bc3 Kh7 23. Rd5 Qc8 24. Qd1 Rxc3 25. bxc3 Qxc3 26. Qc1 Qd3 27. Rd7
Bd8 28. Rb1 b5 29. Rb3 Qe2 30. Qf1 1-0

[Event "Olympiade"]
[Site "Charlesbourg CAN"]
[Date "2014.11.10"]
[Round "1"]
[White "Abran, David"]
[Black "Tremblay-Alix, Eric"]
[Result "1-0"]
[WhiteElo "1889"]
[BlackElo "1803"]
[PlyCount "59"]
[EventDate "2014.11.10"]
[EventType "team"]
[EventRounds "6"]
[EventCountry "CAN"]

1. d4 Nf6 2. Nf3 d5 3. c4 c6 4. Nc3 Qc7 5. g3 Nbd7 6. cxd5 cxd5 7. Bg2 e6 8.
O-O a6 9. Bf4 Bd6 10. e3 Bxf4 11. exf4 O-O 12. Ne5 Ne8 13. Rc1 Qd6 14. Na4 f6
15. Rxc8 Rxc8 16. Nxd7 Rf7 17. Ndb6 Rc6 18. Qb3 Nc7 19. Nc8 Qd7 20. Qxb7 Na8
21. Qxa8 Qxc8 22. Qxc8+ Rxc8 23. Nc5 Rb8 24. b3 Re7 25. Nxe6 Rd7 26. Rc1 f5 27.
Rc5 Rb5 28. Rc8+ Kf7 29. Ng5+ Kg6 30. Rc6+ 1-0

[Event "Olympiade"]
[Site "Charlesbourg CAN"]
[Date "2014.11.10"]
[Round "1"]
[White "Beauchesne, Jonathan"]
[Black "Fecteau, Martin"]
[Result "1/2-1/2"]
[WhiteElo "1710"]
[BlackElo "1839"]
[PlyCount "39"]
[EventDate "2014.11.10"]
[EventType "team"]
[EventRounds "6"]
[EventCountry "CAN"]

1. e4 c5 2. c3 d5 3. exd5 Qxd5 4. d4 Nf6 5. Na3 cxd4 6. Nb5 Qd8 7. Qxd4 Qxd4 8.
cxd4 Na6 9. Nf3 e6 10. Bd2 Nd5 11. a3 Nac7 12. Rc1 Nxb5 13. Bxb5+ Bd7 14. Bxd7+
Kxd7 15. Ne5+ Ke8 16. O-O f6 17. Nd3 Kf7 18. Nf4 Bd6 19. Nxd5 exd5 20. Rfe1
1/2-1/2

[Event "Olympiade"]
[Site "Charlesbourg CAN"]
[Date "2014.11.10"]
[Round "1"]
[White "Beaudoin, Stephane"]
[Black "Lessard, Claude"]
[Result "1-0"]
[WhiteElo "2159"]
[BlackElo "2058"]
[PlyCount "65"]
[EventDate "2014.11.10"]
[EventType "team"]
[EventRounds "6"]
[EventCountry "CAN"]

1. e4 c6 2. d4 d5 3. exd5 cxd5 4. c4 Nf6 5. Nc3 e6 6. Nf3 Nc6 7. Be2 dxc4 8.
Bxc4 Be7 9. O-O O-O 10. Be3 a6 11. Rc1 b5 12. Bd3 Nb4 13. a4 Nxd3 14. Qxd3 b4
15. Ne2 Bb7 16. Ne5 Bd6 17. Nc4 Bb8 18. Rfd1 Ng4 19. Bf4 Bxf4 20. Nxf4 Rc8 21.
Qe2 Qh4 22. h3 Nf6 23. g3 Qh6 24. Nd6 Rxc1 25. Rxc1 Ba8 26. Nxf7 Qxf4 27. gxf4
Kxf7 28. Rc7+ Kg6 29. Qxe6 Bd5 30. Qe7 Re8 31. Qxg7+ Kf5 32. Qg5+ Ke6 33. Qe5#
1-0